Porovnanie zlúčenia, splynutia a rozdelenia obchodných spoločností z hľadiska právneho, účtovného a daňového diplomová práca

Salvato in:
Dettagli Bibliografici
Autore principale: Pipíšková, Martina
Ente Autore: Fakulta hospodárskej informatiky EU. Katedra účtovníctva a audítorstva
Altri autori: Ondrušová, Lucia, 1981-
Natura: Libro
Lingua:slovacco
Pubblicazione: Bratislava 2014
Tags: Aggiungi Tag
Nessun Tag, puoi essere il primo ad aggiungerne!!

MARC

LEADER 00000nbm a2200000 4500
001 0188719
005 20170201105807.5
041 0 |a slo 
044 |a SK 
245 1 0 |a Porovnanie zlúčenia, splynutia a rozdelenia obchodných spoločností z hľadiska právneho, účtovného a daňového  |b diplomová práca  |c Martina Pipíšková ; školiteľ: Lucia Ondrušová 
264 1 |a Bratislava  |c 2014 
300 |a 72 s. 
100 1 |a Pipíšková, Martina 
700 1 |a Ondrušová, Lucia, 1981- 
710 2 |a Fakulta hospodárskej informatiky EU. Katedra účtovníctva a audítorstva